LEADER 01829oam 2200481M 450 001 9910716513803321 005 20210706141522.0 035 $a(CKB)5470000002523021 035 $a(OCoLC)1065961211 035 $a(OCoLC)995470000002523021 035 $a(EXLCZ)995470000002523021 100 $a20071213d1926 ua 0 101 0 $aeng 135 $aurcn||||||||| 181 $ctxt$2rdacontent 182 $cc$2rdamedia 183 $acr$2rdacarrier 200 10$aRailroad bridge across the Pearl River in the State of Mississippi. June 23 (calendar day, June 29), 1926. -- Ordered to be printed 210 1$a[Washington, D.C.] :$c[U.S. Government Printing Office],$d1926. 215 $a1 online resource (2 pages) 225 1 $aSenate report / 69th Congress, 1st session. Senate ;$vno. 1166 225 1 $a[United States congressional serial set] ;$v[serial no. 8526] 300 $aBatch processed record: Metadata reviewed, not verified. Some fields updated by batch processes. 300 $aFDLP item number not assigned. 517 $aRailroad bridge across the Pearl River in the State of Mississippi. June 23 606 $aBridge construction industry 606 $aBridges$xDesign and construction 606 $aBridges 608 $aLegislative materials.$2lcgft 615 0$aBridge construction industry. 615 0$aBridges$xDesign and construction. 615 0$aBridges. 701 $aBingham$b Hiram$f1875-1956$pRepublican (CT)$0463205 801 0$bWYU 801 1$bWYU 801 2$bOCLCO 801 2$bOCLCQ 801 2$bOCLCO 801 2$bOCLCQ 906 $aBOOK 912 $a9910716513803321 996 $aRailroad bridge across the Pearl River in the State of Mississippi. June 23 (calendar day, June 29), 1926. -- Ordered to be printed$93494305 997 $aUNINA LEADER 01474nam 2200457 450 001 9910810813803321 005 20200520144314.0 010 $a1-4232-2135-4 035 $a(CKB)3710000001404163 035 $a(MiAaPQ)EBC4877092 035 $a(Au-PeEL)EBL4877092 035 $a(CaPaEBR)ebr11397742 035 $a(OCoLC)990550047 035 $a(BIP)045913678 035 $a(EXLCZ)993710000001404163 100 $a20190123d2013 uy 0 101 0 $aeng 135 $aurcnu|||||||| 181 $ctxt$2rdacontent 182 $cc$2rdamedia 183 $acr$2rdacarrier 200 00$aBiology terminology 210 1$a[Place of publication not identified] :$cBarCharts, Inc.,$d[2013] 215 $a1 online resource (6 pages) 225 1 $aQuick Study Academic 311 $a1-4232-2151-6 330 8 $aEssential terminology for Biology study pulled together in one guide to maximize success in College and High School courses. Succinct definitions by our resident Ph.D., Biology author and professor ensure the usefulness of this handy guide from high school to college. 410 0$aQuickStudy academic. 606 $aBiology$vTerminology 610 $aBIOLOGY 610 $aSCIENCE 615 0$aBiology 676 $a574.014 700 $aBrooks$b Randy$01668713 801 0$bMiAaPQ 801 1$bMiAaPQ 801 2$bMiAaPQ 906 $aBOOK 912 $a9910810813803321 996 $aBiology terminology$94029481 997 $aUNINA